000 00579nam a2200193 i 4500
001 bg
245 0 0 _aBaseny kąpielowe-lecznicze i rehabilitacyjne :
_bpraca zbiorowa /
_ckier. nauk. Andrzej Madeyski.
260 _aWarszawa :
_bPZITS,
_c1984.
650 9 _aBasen pływacki
_xzagadnienia
650 9 _aPływalnia
_xzagadnienia
650 9 _aBalneoterapia
_xzagadnienia
650 9 _aRehabilitacja (med.)
_xzagadnienia
700 1 _aMADEYSKI, Andrzej
040 _cBPK
041 0 _apol
080 _a615.838:725.7
942 _cKS
008 s pl f |000 0 pol
999 _c10625
_d10625
856 _uhttp://koha.tu.koszalin.pl/cgi-bin/koha/opac-detail.pl?biblionumber=10625
_yKatalog online BPK